Superhero Ultimate Name Game - Statistics

General Stats
  • This quiz has been taken 110 times
  • The average score is 31 of 48
Answer Stats
Hint Answer % Correct
Parker Peter
100%
Rasputin Peter
100%
Quill Peter
100%
Rogers Steve
97%
Banner Bruce
95%
Wayne Bruce
95%
Lang Scott
94%
Summers Scott
94%
Stark Tony
93%
Barton Clint
92%
Maximoff Wanda
92%
Howlett James
83%
Strange Stephen
82%
Rhodes James
80%
Richards Reed
78%
Kent* Clark
75%
Pietro
75%
Grey Jean
72%
Xavier Charles
70%
Wade
69%
Susan
68%
Storm Johnny
64%
Wilson Sam
64%
Allen Barry
59%
Prince* Diana
59%
Grimm Benjamin
58%
Grayson Dick
56%
Romanova Natalia
56%
McCoy Hank
55%
Pryde Kitty
53%
Frost Emma
52%
Curry* Arthur
51%
J'onzz J'onn
51%
Jordan Hal
50%
West Wally
50%
Todd Jason
49%
Queen Oliver
48%
Munroe Ororo
47%
Wagner Kurt
46%
Garrick Jay
44%
Gordon Barbara
43%
LeBeau Remy
42%
Alex
41%
Stone Victor
40%
Drake Bobby
39%
Worthington Warren
35%
Gardner Guy
32%
D'Ancanto Marie
6%
No matching quizzes found
Score Distribution
Percent of People with Each Score
Percentile by Number Answered
Your Score History
You have not taken this quiz